| 000 | 00695nam a22002297a 4500 | ||
|---|---|---|---|
| 001 | 77397 | ||
| 003 | BD-RjUL | ||
| 005 | 20211209082951.0 | ||
| 008 | 200818s1950 enk||||| |||| 00| 0ceng d | ||
| 035 | _a(BD-RjUL)77622 | ||
| 040 |
_aBD-RjUL _beng _cBD-RjUL |
||
| 041 | _aeng | ||
| 082 |
_219 _a821.8 _bTEA 1950 |
||
| 100 |
_atennyson, Alfred _9241196 |
||
| 245 | 1 | 0 |
_aAlfred tennyson, by his grandson charles tennyson./ _cAlfred tennyson |
| 260 |
_aLondon : _bMacmillan , _cc1950 |
||
| 300 |
_axiii, 579 p. ; _c21 cm |
||
| 500 | _aIncludes Index | ||
| 600 |
_aTennyson, Alfred Tennyson, _d1809-1892. _9241199 |
||
| 650 |
_aPoets, English _vBiography. _y19th century _9241198 |
||
| 942 |
_2ddc _cBK |
||
| 999 |
_c77397 _d77397 |
||